000 00303cam a22000977a 4500
008 180718b1979 xxu||||| |||| 00| 0 eng d
100 _aIndia. Rajya Sabha Secretariat
245 _aRajya Sabha debates, vol 108 19 Feb.-7 March 1979
260 _aNew Delhi
_bRajya Sabha Secretariat
_c1979
300 _ap.1-291
999 _c384088
_d384088